000 00872nam a2200253 a 4500
005 20231017063716.0
008 031202s1996 mx r 000 0 spa d
020 _a9688807249
035 _aUPN01000131070
049 _aCG
050 4 _aHD58.8
_bH3.6 1996
100 1 _aHall, Richard H.
245 1 0 _aOrganizaciones :
_bestructuras, procesos y resultados /
_cRichard H. Hall ; tr. Adolfo Deras Quiñones.
250 _a6a ed.
260 _aMéxico :
_bPrentice-Hall,
_c1996.
300 _aviii, 360 p.
534 _pTraducción de:
_tOrganizations, structures, processes and outcomes
590 _aBibliografía Básica (BGTQ)
590 _a(También localizas un ejemplar en el "Area de Reserva")
650 4 _aCambio organizacional
_94984
650 2 _aOrganización
_xInvestigación
_922838
650 4 _aSociología
_xInvestigación
_97968
905 _aLibro
999 _c103225
_d103225